Statistics for 囲碁・将棋のタイトル戦

Click here to take the quiz!

General Stats

  • This quiz has been taken 90 times
  • The average score is 11 of 15

Answer Stats

Answer% Correct
竜王戦
99%
棋聖戦
94%
棋聖戦
94%
名人戦
84%
名人戦
84%
王将戦
84%
棋王戦
79%
王位戦
75%
叡王戦
75%
王座戦
73%
王座戦
73%
本因坊戦
56%
十段戦
34%
天元戦
29%
碁聖戦
29%

Score Distribution

Percentile by Number Answered

Percent of People with Each Score

Your Score History

You have not taken this quiz